000
00265nam a2200109Ia 4500
008
190907s9999||||xx |||||||||||||| ||und||
100
_a
Cormen, Leiserson,
245
0
_a
Introduction To Algorithms
260
_a
USA
_b
Mc Graw Gill
_c
2003
300
_a
1180
942
_c
BK
999
_c
6487
_d
6487